| 000 | 02122nam0a2200325 4500 | ||
|---|---|---|---|
| 001 | RU\NLR\BIBL_A\011756314 | ||
| 005 | 20180808103307.0 | ||
| 010 |
_a978-5-7681-1293-6 _9100 |
||
| 021 |
_aRU _bКН-П-18-046126 _9КН-П-18-3322 |
||
| 035 | _a(NLR Aleph) 011756314 | ||
| 035 | _a(RuMoRGB)009669134 | ||
| 090 |
_a11653721 _c11653721 |
||
| 100 | _a20180720d2018 u y0rusy50 ca | ||
| 101 | 0 | _arus | |
| 102 | _aRU | ||
| 105 | _aa|||j|||000zy | ||
| 200 | 1 |
_aВведение в практическую кинетику сложных химических реакций _eучебное пособие _e[для студентов, обучающихся по направлению 18.03.01, 18.04.01 "Химическая технология", а также аспирантов, обучающихся по направлению 04.06.01 "Химические науки", профиль 02.00.04 "Физическая химия"] _fА.М. Иванов, С.Д. Пожидаева _gМинобрнауки России, Федеральное государственное бюджетное образовательное учреждение высшего образования "Юго-Западный государственный университет" (ЮЗГУ) |
|
| 210 |
_aКурск _cЮго-Западный государственный университет _d2018 |
||
| 215 |
_a164, [2] с. _cил., табл. _d20 |
||
| 320 | _aБиблиогр. в конце кн. (9 назв.) | ||
| 606 | 1 |
_aХимические реакции сложные _xКинетика _jУчебные издания для высших учебных заведений _2nlr_sh1 _2nlr_sh2 _3RU\NLR\AUTH\661366451 |
|
| 686 | 1 | _aГ542.01я73-1 | |
| 700 | 1 |
_aИванов _bА. М. _cхимик _f1939- _gАнатолий Михайлович _3RU\NLR\AUTH\7723462 |
|
| 701 | 1 |
_aПожидаева _bС. Д. _gСветлана Дмитриевна |
|
| 942 | _cBOOK | ||
| 980 | _aNBR | ||
| 980 | _aNB | ||